00253nam a22001097a 4500003000500000038001300005082001600018100001900034245003600053260003700089300001700126NUST aM.SOHAIL a657.45bTWB aThe World Bank aA Review of Transport and Trade aWashingtonbThe World Bankc2003 aP; 180b25cm